Metodología de la programación: (Registro nro. 13621)

Detalles MARC
000 -Cabecera
Campo de control interno 00494nam a2200181Ia 4500
005 - Fecha y hora del registro
control field 20260306164814.0
008 - Elementos de Longitud Fija
fixed length control field 260306t1987||||xx |||||||||||||| ||spa||
041 ## - Idioma
Codigo Idioma ESP
082 ## - DEWEY y NOTACIÓN INTERNA
Dewey 005.1
Notación Interna J79M
100 ## - AUTOR
Autor denominación Joyanes Aguilar, Luis
Término de relación autor
245 #0 - TÍTULO DE MATERIAL BIBLIOGRÁFICO
Título Metodología de la programación:
Título paralelo diagramas de flujo, algoritmos y programación estructurada
260 ## - CIUDAD, EDITORIAL, AÑO
Año 1987
300 ## - DESCRIPCIÓN
N° Páginas 248 páginas :
Dimensiones 23 cm.
650 ## - TEMAS
Temas Generalidades
654 ## - PROGRAMAS
Programa
942 ## - ELEMENTOS DE KOHA
Tipo de documento Libro
Nombre del creador Justo Noguera
Código de catalogador Justo Noguera
Esquema de clasificación Dewey Decimal Classification
Suppress in OPAC
Existencias
Codigo completo Registro Colección Copia número Disponibilidad Tipo de préstamo Biblioteca Actual Procedencia (Biblioteca) Ubicacón Fecha Ingreso Tipo de Adquisición Date last seen Total checkouts Price effective from Tipo de Item Estado del Material Fuente de Clasificación Damaged status Withdrawn status
005.1 J79M U0000708 Universidad Católica San Pablo 1 Disponible Disponible Víctor Andrés Belaunde Víctor Andrés Belaunde Segundo piso 03/06/2026 Compra 06/03/2026   06/03/2026 Libro Bueno Dewey Decimal Classification